<?xml version="1.0" encoding="UTF-8"?>
<record
    xmlns:xsi="http://www.w3.org/2001/XMLSchema-instance"
    xsi:schemaLocation="http://www.loc.gov/MARC21/slim http://www.loc.gov/standards/marcxml/schema/MARC21slim.xsd"
    xmlns="http://www.loc.gov/MARC21/slim">

  <leader>01554namaa22003131i 4500</leader>
  <controlfield tag="005">20260625131555.0</controlfield>
  <controlfield tag="008">260625s1994    ua a|||frm||| 000 0 eng d</controlfield>
  <datafield tag="040" ind1=" " ind2=" ">
    <subfield code="a">EG-GICUC</subfield>
    <subfield code="b">eng</subfield>
    <subfield code="c">EG-GICUC</subfield>
    <subfield code="d">EG-GICUC</subfield>
    <subfield code="e">rda</subfield>
  </datafield>
  <datafield tag="041" ind1="0" ind2=" ">
    <subfield code="a">eng</subfield>
    <subfield code="b">eng</subfield>
    <subfield code="b">ara</subfield>
  </datafield>
  <datafield tag="049" ind1=" " ind2=" ">
    <subfield code="a">Deposite</subfield>
  </datafield>
  <datafield tag="097" ind1=" " ind2=" ">
    <subfield code="a">Ph.D</subfield>
  </datafield>
  <datafield tag="099" ind1=" " ind2=" ">
    <subfield code="a">Cai01.09.11.Ph.D.Me.C.</subfield>
  </datafield>
  <datafield tag="100" ind1="0" ind2=" ">
    <subfield code="a">Medhat Mokhtar Mohamed EL Tohamy,. </subfield>
    <subfield code="e">preparation.</subfield>
  </datafield>
  <datafield tag="245" ind1="1" ind2="0">
    <subfield code="a">A Comparative Study Between Eminectomy And Dautrey Procedure For Management Of Chronic Condylar Dislocation Of The Temporo- Mandibular Joint / </subfield>
    <subfield code="c">By Medhat Mokhtar Mohamed EL Tohamy; Supervisors Prof. Dr. Ragab Radwan EL-Beially, Associate Prof. Mohamed Galal Behairy.</subfield>
  </datafield>
  <datafield tag="246" ind1="1" ind2="5">
    <subfield code="a">&#x645;&#x642;&#x627;&#x631;&#x646;&#x629; &#x62F;&#x631;&#x627;&#x633;&#x64A;&#x629; &#x628;&#x64A;&#x646; &#x639;&#x645;&#x644;&#x64A;&#x629; &#x627;&#x632;&#x627;&#x644;&#x629; &#x627;&#x644;&#x646;&#x62A;&#x648;&#x621; &#x627;&#x644;&#x645;&#x641;&#x635;&#x644;&#x649; &#x628;&#x627;&#x644;&#x639;&#x638;&#x645;&#x629; &#x627;&#x644;&#x635;&#x62F;&#x63A;&#x64A;&#x629; &#x648;&#x639;&#x645;&#x644;&#x64A;&#x629; &#x62F;&#x648;&#x632;&#x62A;&#x631;&#x627;&#x649; &#x641;&#x64A; &#x639;&#x644;&#x627;&#x62C; &#x627;&#x644;&#x62E;&#x644;&#x639; &#x627;&#x644;&#x645;&#x62A;&#x643;&#x631;&#x631; &#x644;&#x644;&#x642;&#x645;&#x629; &#x627;&#x644;&#x645;&#x641;&#x635;&#x644; &#x627;&#x644;&#x635;&#x62F;&#x63A;&#x649; &#x627;&#x644;&#x644;&#x62D;&#x64A;&#x649; / </subfield>
  </datafield>
  <datafield tag="264" ind1=" " ind2="0">
    <subfield code="c">1994.</subfield>
  </datafield>
  <datafield tag="300" ind1=" " ind2=" ">
    <subfield code="a">133 pages : </subfield>
    <subfield code="b">illustrations ; </subfield>
    <subfield code="c">30 cm. + </subfield>
  </datafield>
  <datafield tag="336" ind1=" " ind2=" ">
    <subfield code="2">rda content</subfield>
    <subfield code="a">text</subfield>
  </datafield>
  <datafield tag="337" ind1=" " ind2=" ">
    <subfield code="2">rdamedia</subfield>
    <subfield code="a">Unmediated</subfield>
  </datafield>
  <datafield tag="338" ind1=" " ind2=" ">
    <subfield code="2">rdacarrier</subfield>
    <subfield code="a">volume</subfield>
  </datafield>
  <datafield tag="502" ind1=" " ind2=" ">
    <subfield code="a">Thesis (Ph.D)-Cairo University, 1994.</subfield>
  </datafield>
  <datafield tag="504" ind1=" " ind2=" ">
    <subfield code="a">Bibliography: pages 122-133. </subfield>
  </datafield>
  <datafield tag="653" ind1=" " ind2="0">
    <subfield code="a">Oral Surgery </subfield>
  </datafield>
  <datafield tag="700" ind1="0" ind2=" ">
    <subfield code="a">Ragab Radwan EL-Beially</subfield>
    <subfield code="e">thesis advisor.</subfield>
  </datafield>
  <datafield tag="700" ind1="0" ind2=" ">
    <subfield code="a">Mohamed Galal Behairy</subfield>
    <subfield code="e">thesis advisor.</subfield>
  </datafield>
  <datafield tag="900" ind1=" " ind2=" ">
    <subfield code="D">Department of Oral Surgery</subfield>
    <subfield code="F">Faculty of  Oral And Dental Medicine </subfield>
    <subfield code="U">Cairo University</subfield>
    <subfield code="b">1994</subfield>
    <subfield code="c">Ragab Radwan EL-Beially</subfield>
    <subfield code="c">Mohamed Galal Behairy</subfield>
  </datafield>
  <datafield tag="905" ind1=" " ind2=" ">
    <subfield code="a">Eman El gebaly </subfield>
  </datafield>
  <datafield tag="942" ind1=" " ind2=" ">
    <subfield code="2">ddc</subfield>
    <subfield code="c">TH</subfield>
    <subfield code="e">21</subfield>
    <subfield code="n">0</subfield>
  </datafield>
  <datafield tag="999" ind1=" " ind2=" ">
    <subfield code="c">180620</subfield>
  </datafield>
  <datafield tag="952" ind1=" " ind2=" ">
    <subfield code="2">ddc</subfield>
    <subfield code="9">319350</subfield>
    <subfield code="a">CUCL</subfield>
    <subfield code="b">100</subfield>
    <subfield code="d">2026-06-25</subfield>
    <subfield code="i">26154</subfield>
    <subfield code="o">Cai01.09.11.Ph.D.Me.C.</subfield>
    <subfield code="p">01010110026154000</subfield>
    <subfield code="r">2026-06-25 12:16:25</subfield>
    <subfield code="w">2026-06-25</subfield>
    <subfield code="y">TH</subfield>
  </datafield>
</record>
